| 000 | 01717nam a22002177a 4500 | ||
|---|---|---|---|
| 999 |
_c59425 _d59425 |
||
| 003 | Ge_BSU | ||
| 005 | 20230222114554.0 | ||
| 008 | 230215s2009 ge ||||| |||| 00| 0 geo d | ||
| 041 | _ageo | ||
| 080 | _a331.107.3 მ 86 | ||
| 100 |
_aმოსახლიშვილი ლევან _916912 |
||
| 245 |
_aსამოქალაქო მონიტორინგი მოქალაქეთა მონაწილეობით : _bგზამკვლევი სამოქალაქო საზოგადოების ორგანიზაციებისათვის / _cავტორები : ლევან მოსახლიშვილი, გიორგი გაბრიელაშვილი და სხვ.; საზოგადოებრივი განვითარების ინსტიტუტი. სამოქალაქოგანათლების ახალგაზრდული ცენტრი. |
||
| 264 |
_aთბილისი, _c2009. |
||
| 300 |
_a139 გვ. ; _b21 სმ. |
||
| 653 | _aმონიტორინგი | ||
| 653 | _aარასამთავრობო ორგანიზაციები | ||
| 700 |
_a მოსახლიშვილი, ლევან _eავტორი _916912 |
||
| 700 |
_aგაბრიელაშვილი, გიორგი და სხვ.; _eავტორი _916913 |
||
| 710 |
_aსაზოგადოებრივი განვითარების ინსტიტუტი. _b სამოქალაქოგანათლების ახალგაზრდული ცენტრი. _916914 |
||
| 942 |
_2udc _cBK |
||